000 00767nam a2200181 a 4500
008 120416s1995 ||||||||||||||||| || u
020 _a0521466008
050 _aHG 3851 Isa
100 _aIsard, Peter
245 1 0 _aExchange rate economics
260 _aNew York:
_bCambridge University Press
_c1995
300 _axv, 275p. : ill.
350 _a0.00
650 _aFOREIGN EXCHANGE RATES
650 0 _aFOREIGN EXCHANGE RATES--ECONOMIC MODELS
995 _aMAIN LIBRARY OPEN ACCESS
_D0.00
_e728090
_FCBU-MAIN LIBRARY (Kitwe)
_H2
_I42.50
_jHG 3851 Isa
_M1
_UAVAILABLE
_y025991
_ZMain Library Open Access Collection
995 _aMAIN LIBRARY OPEN ACCESS
_D0.00
_e728089
_FCBU-MAIN LIBRARY (Kitwe)
_H1
_I42.50
_jHG 3851 Isa
_M2
_UAVAILABLE
_y026504
_ZMain Library Open Access Collection
999 _c62923
_d62923